000 00340nam a2200133Ia 4500
008 240624s9999 xx 000 0 und d
041 _aeng
082 _a303.38 ROB
100 _aROBERTS CAROLINE
245 _aATTITUDE MEASUREMENT
260 _c2008
_aLos Angeles
_bSage Publications
300 _axliv, : 314 : p. : cm. ; 24
440 _v1
999 _c15770
_d15770